GDZIE ŚPIMY BĘDĄC W PODRÓŻY? - Statystyki

Ogólne statystyki
  • Ten quiz został rozwiązany 6 razy
  • Średni wynik to 3 z 6
Statystyki odpowiedzi
Odpowiedź % Poprawnych
HOTELU
100%
POCIĄGU
60%
SAMOCHODZIE
60%
SAMOLOCIE
60%
NAMIOCIE
40%
AUTOBUSIE
20%
Nie znaleziono quizów pasujących do podanych kryteriów
Rozkład punktacji
Procent ludzi z każdym wynikiem
Percentyl według liczby udzielonych odpowiedzi
Twoja historia wyników
Nie rozwiązałeś tego quizu